|
|
|
|
| LEADER |
02534cam a2200493 a 4500 |
| 001 |
c000260550 |
| 003 |
CARM |
| 005 |
20070516093641.0 |
| 008 |
890301s1989 enka 100 0 eng d |
| 015 |
|
|
|a b8930787
|
| 019 |
1 |
|
|a 6556930
|z 7095491
|5 LACONCORD2021
|
| 020 |
|
|
|a 0945824173 (Computational Mechanics, U.S. : v. 1)
|
| 020 |
|
|
|a 0387511121 (Springer, N.Y. : set)
|
| 020 |
|
|
|a 3540511105 (Springer, Berlin : v. 1)
|
| 020 |
|
|
|a 0945824181 (Computational Mechanics, U.S. : v. 2)
|
| 020 |
|
|
|a 1853120324 (Computational Mechanics : v. 1)
|
| 020 |
|
|
|a 3540511113 (Springer, Berlin : v. 2)
|
| 020 |
|
|
|a 1853120316 (Computational Mechanics : set)
|
| 020 |
|
|
|a 0387511105 (Springer, N.Y. : v. 1)
|
| 020 |
|
|
|a 0387511113 (Springer, N.Y. : v. 2)
|
| 020 |
|
|
|a 1853120332 (Computational Mechanics : v. 2)
|
| 020 |
|
|
|a 3540511121 (Springer, Berlin : set)
|
| 035 |
|
|
|a (OCoLC)45664294
|5 LACONCORD2021
|
| 040 |
|
|
|a BNB
|b eng
|c BNB
|
| 111 |
2 |
|
|a International Conference on Computational Methods and Experimental Measurements
|n (4th :
|d 1989 :
|c Capri, Italy)
|
| 245 |
1 |
0 |
|a Proceedings of the fourth International Conference on Computational Methods and Experimental Measurements, Capri, Italy, May 1989 /
|c editors: G.M. Carlomagno, C.A. Brebbia.
|
| 246 |
3 |
|
|a Computers and experiments in fluid flow
|
| 246 |
3 |
|
|a Computers and experiments in stress analysis
|
| 260 |
|
|
|a Southampton :
|b Computational Mechanics ;
|a Berlin :
|b Springer-Verlag,
|c c1989.
|
| 300 |
|
|
|a 2 v. :
|b ill. ;
|c 24 cm.
|
| 500 |
|
|
|a Stress analysis. Applications of microcomputer systems (BNB/PRECIS)
|
| 504 |
|
|
|a Includes bibliographical references.
|
| 505 |
0 |
|
|a V. 1, Computers and experiments in fluid flow --v. 2, Computers and experiments in stress analysis.
|
| 650 |
|
0 |
|a Fluid dynamics
|x Data processing
|v Congresses.
|
| 650 |
|
0 |
|a Turbulence
|x Data processing
|v Congresses.
|
| 650 |
|
0 |
|a Strains and stresses
|x Measurement
|x Mathematical models
|v Congresses.
|
| 650 |
|
0 |
|a Structural analysis (Engineering)
|x Data processing
|v Congresses.
|
| 700 |
1 |
|
|a Carlomagno, G. M.
|q (Giovanni M.)
|
| 700 |
1 |
|
|a Brebbia, C. A.
|
| 852 |
8 |
|
|b CARM
|h A1:AP28F0
|i C09368
|p 0377949
|f BK
|
| 852 |
8 |
|
|b CARM
|h A1:AP28F0
|i C09368
|p 0377950
|f BK
|
| 999 |
f |
f |
|i 5c483168-54bd-5bde-8212-1375557741b3
|s b1f7afa1-71dd-521a-a19d-11a152968e18
|
| 952 |
f |
f |
|p Can circulate
|a CAVAL
|b CAVAL
|c CAVAL
|d CARM 1 Store
|e C09368
|f A1:AP28F0
|h Other scheme
|i book
|j v. 1
|m 0377949
|
| 952 |
f |
f |
|p Can circulate
|a CAVAL
|b CAVAL
|c CAVAL
|d CARM 1 Store
|e C09368
|f A1:AP28F0
|h Other scheme
|i book
|j v. 2
|m 0377950
|